000 00449nam a22001577a 4500
003 OSt
005 20151104140355.0
008 151104b xxu||||| |||| 00| 0 eng d
040 _cRUA
082 _aFOR VAN 1996 B123 Or.1
100 _93337
_aVAN, SAVUTH.
245 _aTimber processing standard to S2S-S4S, បទដ្ឋានផលិតឈើ S២S-S៤S
260 _aPhnom Penh
_bRUA
_c1996
300 _a64p.
_bill.
_c29cm.
942 _2ddc
_cFOR
999 _c3113
_d3113